| 000 -LEADER |
| fixed length control field |
01071cam a22002534a 4500 |
| 005 - DATE AND TIME OF LATEST TRANSACTION |
| control field |
20131029101756.0 |
| 008 - FIXED-LENGTH DATA ELEMENTS--GENERAL INFORMATION |
| fixed length control field |
030108s2003 nyu b 001 0 eng |
| 020 ## - INTERNATIONAL STANDARD BOOK NUMBER |
| International Standard Book Number |
0465068626 |
| 041 ## - LANGUAGE CODE |
| Language code of text/sound track or separate title |
eng |
| 080 ## - UNIVERSAL DECIMAL CLASSIFICATION NUMBER |
| Universal Decimal Classification number |
303 |
| 100 1# - Rafti |
| Rafti |
Rees, Martin J., |
| 100 1# - Rafti |
| -- |
1942- |
| 245 10 - TITLE STATEMENT |
| Title |
Our final hour : |
| Statement of responsibility, etc |
Martin Rees. |
| 260 ## - |
| -- |
New York : |
| -- |
Basic Books, |
| -- |
c2003. |
| 300 ## - |
| -- |
viii, 228 p. ; |
| -- |
22 cm. |
| 500 ## - |
| -- |
Preface : f. VII-VIII |
| 504 ## - BIBLIOGRAPHY, ETC. NOTE |
| Bibliography, etc |
Includes bibliographical references (p. 189-208) and index. |
| 650 #0 - |
| -- |
Politika botërore |
| 650 #0 - |
| -- |
Fatëkeqësitë |
| -- |
Parashikimet |
| 650 #0 - |
| -- |
Fundi i botës |
| 856 41 - |
| -- |
Table of contents |
| -- |
http://www.loc.gov/catdir/toc/fy044/2003000301.html |
| 856 42 - |
| -- |
Contributor biographical information |
| -- |
http://www.loc.gov/catdir/enhancements/fy0832/2003000301-b.html |
| 856 42 - |
| -- |
Publisher description |
| -- |
http://www.loc.gov/catdir/enhancements/fy0832/2003000301-d.html |
| 942 ## - ADDED ENTRY ELEMENTS (KOHA) |
| Source of classification or shelving scheme |
|
| Item type |
Books |